| 000 | 00643nam a2200217 4500 | ||
|---|---|---|---|
| 003 | OSt | ||
| 005 | 20240625032450.0 | ||
| 006 | a | ||
| 008 | 240625b |||||||| |||| 00| 0 eng d | ||
| 020 | _a9780495668206 | ||
| 040 |
_aDWCL-Main lib. _cOC |
||
| 082 |
_2First edition _aCirc. 515.1 On58e 2010 |
||
| 100 | _aPeter V. O’Neil | ||
| 245 | _aElements of advanced engineering mathematics / | ||
| 250 | _aFirst edition | ||
| 260 |
_aAustralia: _bCengage Learning, _cc2010. |
||
| 300 |
_axi, _b478 p.:ill.; _c26 cm. |
||
| 504 | _aIncludes index. | ||
| 650 | _a1. Engineering mathematics. | ||
| 942 |
_2ddc _n0 _cBK-CIRC _eFirst edition _kCirc. |
||
| 999 |
_c1294 _d1294 |
||